• 首页
  • 本馆介绍
  • 公告通知
  • 最新文献
  • 馆藏检索
  • 电子资源
  • 读者导购
  • 参考咨询
  • 我的图书馆
  • 登录
  • 详细信息显示
  • 放入我的书架
  • 预约/预借图书
  • 作者相关作品
  • 分类相关作品
  • 丛书相关作品
  • 出版社相关作品

书目信息

  • 表格格式
  • 工作单格式
  • 卡片格式
题名:
大提琴教学理论研究与教学方法探析
    
 
作者: 栾奕 著
分册:  
出版信息: 北京   新华出版社  2020.6
页数: 198页
开本: 24cm
丛书名:
单 册:
中图分类: J622.36
科图分类:
主题词: 大提琴--奏法--教学研究
电子资源:
ISBN: 978-7-5166-5131-5
000 01088nam0 2200253 45
001 012001001111
005 20130910145703.0
010    @a978-7-5166-5131-5@dCNY50.00
100    @a20201229d2020 em y0chiy0110 ea
101 0  @achi
102    @aCN@b110000
105    @aag az 000yy
106    @ar
200 1  @a大提琴教学理论研究与教学方法探析@Ada ti qin jiao xue li lun yan jiu yu jiao xue fang fa tan xi@f栾奕著
210    @a北京@c新华出版社@d2020.6
215    @a198页@c图,乐谱@d24cm
314    @a栾奕,山东艺术学院音乐学院副教授,硕士研究生导师。
320    @a有书目 (第196-198页)
330    @a本书对大提琴教学理论与方法进行了具体的阐释。研究大提琴教学首先就需要了解大提琴,因此本书首先对大提琴及其演奏的相关知识进行了总结,介绍了大提琴的产生、发展,揭示了大提琴的重要性,详细剖析了大提琴的演奏及训练问题。初步构建了大提琴教学理论体系,主要包括大提琴教学的现状、目标、原则以及方法,并重点论述了多种比较新颖的教学方法。
606 0  @a大提琴@x奏法@x教学研究
690    @aJ622.36@v5
701  0 @a栾奕@Aluan yi@4著
801    @aCN@b江苏凤凰@c20211018
905    @b1342243-6@dJ622.36@e526@f4
    
    大提琴教学理论研究与教学方法探析/栾奕著.-北京:新华出版社,2020.6
    198页:图,乐谱;24cm
    
    
    ISBN 978-7-5166-5131-5:CNY50.00
    本书对大提琴教学理论与方法进行了具体的阐释。研究大提琴教学首先就需要了解大提琴,因此本书首先对大提琴及其演奏的相关知识进行了总结,介绍了大提琴的产生、发展,揭示了大提琴的重要性,详细剖析了大提琴的演奏及训练问题。初步构建了大提琴教学理论体系,主要包括大提琴教学的现状、目标、原则以及方法,并重点论述了多种比较新颖的教学方法。
●
相关链接 在E读中查询图书 在五车中查询图书 在当当中查询图书 在豆瓣中查询图书


正题名:大提琴教学理论研究与教学方法探析     索取号:J622.36/526         预约/预借

序号 登录号 条形码 馆藏地/架位号 状态 备注
1 1342243   213422438   第一样本阅览室/ [索取号:J622.36/526] 在馆    
2 1342244   213422447   第一借阅区/ [索取号:J622.36/526] 在馆    
3 1342245   213422456   第一借阅区/ [索取号:J622.36/526] 在馆    
4 1342246   213422465   第一借阅区/ [索取号:J622.36/526] 在馆    
唐山师范学院图书馆 欢迎您!
大连网信软件有限公司© 版权所有